[Event "Deutsche Ländermeisterschaft 2018"]
[Site "Würzburg GER"]
[Date "2018.10.05"]
[Round "5"]
[White "Hetzner, Hannes"]
[Black "Ratay, Meike"]
[Result "0-1"]
[Termination "normal"]
[Board "5.5"]
[WhiteElo "1855"]
[BlackElo "1887"]
[WhiteClock "00:04:54"]
[BlackClock "00:15:27"]
[WhiteTeam "Bayern 1"]
[BlackTeam "Thüringen"]
[PlyCount "52"]
[WhiteFideId "16211936"]
[BlackFideId "12977608"]
[EventCountry "GER"]
[EventRounds "7"]
[EventType "team-swiss"]
[EventDate "2018.10.02"]

1. e4 {[%clk 1:30:57]} c5 {[%clk 1:30:56]} 2. Nf3 {[%clk 1:31:20]} d6 {[%clk
1:31:22]} 3. d4 {[%clk 1:31:46]} Nf6 {[%clk 1:31:36]} 4. Nc3 {[%clk 1:30:50]}
cxd4 {[%clk 1:31:58]} 5. Nxd4 {[%clk 1:31:12]} a6 {[%clk 1:32:24]} 6. Bg5
{[%clk 1:31:25]} e6 {[%clk 1:32:47]} 7. Qe2 {[%clk 1:31:29]} Nbd7 {[%clk
1:26:24]} 8. f4 {[%clk 1:31:30]} Qc7 {[%clk 1:26:38]} 9. O-O-O {[%clk 1:31:25]}
b5 {[%clk 1:22:13]} 10. g4 {[%clk 1:26:48]} Bb7 {[%clk 1:15:54]} 11. Bg2 {[%clk
1:22:49]} Nb6 {[%clk 1:12:22]} 12. Rhe1 {[%clk 1:14:26]} Be7 {[%clk 1:06:59]}
13. Kb1 {[%clk 1:01:36]} b4 {[%clk 0:55:48]} 14. e5 {[%clk 0:58:38]} bxc3
{[%clk 0:53:47]} 15. exf6 {[%clk 0:57:19]} gxf6 {[%clk 0:53:36]} 16. Nxe6
{[%clk 0:47:20]} fxe6 {[%clk 0:52:07]} 17. Bxf6 {[%clk 0:46:03]} Bxf6 {[%clk
0:47:38]} 18. Qxe6+ Be7 {[%clk 0:47:49]} 19. f5 {[%clk 0:40:49]} Bxg2 {[%clk
0:39:36]} 20. f6 {[%clk 0:38:37]} Nc4 {[%clk 0:36:44]} 21. fxe7 {[%clk
0:32:05]} cxb2 {[%clk 0:31:29]} 22. Rd3 {[%clk 0:27:35]} Qa5 {[%clk 0:25:21]}
23. g5 {[%clk 0:21:37]} Ne5 {[%clk 0:21:58]} 24. Red1 {[%clk 0:08:58]} Nxd3
{[%clk 0:19:48]} 25. Rxd3 {[%clk 0:07:01]} Qxg5 {[%clk 0:17:18]} 26. Re3 {[%clk
0:04:54]} Bd5 {[%clk 0:15:27]} 0-1

[Event "Deutsche Ländermeisterschaft 2018"]
[Site "Würzburg GER"]
[Date "2018.10.05"]
[Round "5"]
[White "Reuter, Elisa"]
[Black "Werner, Denis"]
[Result "1-0"]
[Termination "normal"]
[Board "5.6"]
[WhiteElo "1786"]
[BlackElo "1817"]
[WhiteClock "00:42:41"]
[BlackClock "00:49:34"]
[WhiteTeam "Thüringen"]
[BlackTeam "Bayern 1"]
[PlyCount "143"]
[WhiteFideId "12995444"]
[BlackFideId "16226429"]
[EventCountry "GER"]
[EventRounds "7"]
[EventType "team-swiss"]
[EventDate "2018.10.02"]

1. e4 {[%clk 1:30:59]} c5 {[%clk 1:30:18]} 2. Nf3 {[%clk 1:31:24]} Nc6 {[%clk
1:30:06]} 3. d4 {[%clk 1:31:48]} cxd4 {[%clk 1:29:56]} 4. Nxd4 {[%clk 1:32:13]}
g6 {[%clk 1:29:38]} 5. Nc3 {[%clk 1:32:36]} Bg7 {[%clk 1:29:19]} 6. Be3 {[%clk
1:33:02]} Nf6 {[%clk 1:28:46]} 7. Bc4 {[%clk 1:33:27]} O-O {[%clk 1:28:02]} 8.
Bb3 {[%clk 1:33:47]} d6 {[%clk 1:27:53]} 9. f3 {[%clk 1:29:36]} Bd7 {[%clk
1:26:41]} 10. Qd2 {[%clk 1:29:24]} Nxd4 {[%clk 1:24:25]} 11. Bxd4 {[%clk
1:29:43]} b5 {[%clk 1:23:07]} 12. O-O {[%clk 1:27:13]} a5 {[%clk 1:21:36]} 13.
a3 {[%clk 1:26:57]} Qc7 {[%clk 1:18:00]} 14. a4 {[%clk 1:22:39]} bxa4 {[%clk
1:15:01]} 15. Nxa4 {[%clk 1:22:34]} Be6 {[%clk 1:12:41]} 16. Bb6 {[%clk
1:20:07]} Qb7 {[%clk 1:10:28]} 17. Bxe6 {[%clk 1:14:37]} fxe6 {[%clk 1:10:14]}
18. Bd4 {[%clk 1:14:38]} Qc7 {[%clk 1:06:39]} 19. Qc3 {[%clk 1:10:23]} Qxc3
{[%clk 1:05:24]} 20. Bxc3 {[%clk 1:10:39]} Nd7 {[%clk 1:04:33]} 21. Bxg7 {[%clk
1:09:49]} Kxg7 {[%clk 1:04:20]} 22. Ra2 {[%clk 1:09:29]} Rfb8 {[%clk 1:03:03]}
23. Rfa1 {[%clk 1:09:39]} Kf6 {[%clk 1:02:35]} 24. Kf2 {[%clk 1:09:56]} Nb6
{[%clk 1:01:22]} 25. b3 {[%clk 1:09:31]} Nxa4 {[%clk 1:00:30]} 26. Rxa4 {[%clk
1:09:52]} Rc8 {[%clk 1:00:04]} 27. R1a2 {[%clk 1:10:11]} Ra6 {[%clk 0:56:56]}
28. Ke2 {[%clk 1:10:32]} Rac6 {[%clk 0:56:28]} 29. Kd2 {[%clk 1:10:49]} Ke5
{[%clk 0:55:46]} 30. Rxa5+ {[%clk 1:11:13]} Kf4 {[%clk 0:54:47]} 31. Ra7 {[%clk
1:09:53]} R6c7 {[%clk 0:54:39]} 32. b4 {[%clk 1:08:39]} Ke5 {[%clk 0:54:16]}
33. b5 {[%clk 1:04:05]} Rc5 {[%clk 0:53:25]} 34. Rxe7 {[%clk 0:57:27]} Rxb5
{[%clk 0:53:40]} 35. Rxh7 {[%clk 0:57:46]} Rb1 36. Rh3 {[%clk 0:54:55]} Kf6
{[%clk 0:50:12]} 37. Rg3 {[%clk 0:53:44]} Rh1 {[%clk 0:50:14]} 38. h3 {[%clk
0:53:54]} g5 {[%clk 0:49:56]} 39. Ra5 {[%clk 0:52:58]} Rf1 {[%clk 0:49:56]} 40.
Raxg5 {[%clk 0:51:43]} Rf2+ {[%clk 0:49:51]} 41. Ke3 {[%clk 0:51:44]} Rcxc2
{[%clk 0:50:08]} 42. Rg6+ {[%clk 0:50:49]} Ke7 {[%clk 0:50:26]} 43. Kf4 {[%clk
0:48:20]} Rc5 {[%clk 0:49:15]} 44. Rg7+ {[%clk 0:47:32]} Kf8 {[%clk 0:49:13]}
45. Rg8+ {[%clk 0:47:22]} Kf7 {[%clk 0:49:32]} 46. R3g7+ {[%clk 0:47:15]} Kf6
{[%clk 0:49:50]} 47. Rg6+ {[%clk 0:47:39]} Kf7 {[%clk 0:50:15]} 48. R8g7+
{[%clk 0:47:53]} Kf8 {[%clk 0:50:37]} 49. Rd7 {[%clk 0:47:05]} Rd2 {[%clk
0:49:18]} 50. Rxe6 {[%clk 0:46:58]} Rxg2 {[%clk 0:49:33]} 51. Rdxd6 {[%clk
0:47:14]} Rf2 {[%clk 0:49:07]} 52. Kg3 {[%clk 0:47:08]} Rf1 {[%clk 0:49:12]}
53. Rf6+ {[%clk 0:47:00]} Kg7 {[%clk 0:49:19]} 54. Rf4 {[%clk 0:45:02]} Rg1+
{[%clk 0:48:39]} 55. Kh4 {[%clk 0:44:49]} Kh7 {[%clk 0:48:59]} 56. Rg4 {[%clk
0:44:26]} Rf1 {[%clk 0:48:51]} 57. Kg3 {[%clk 0:42:12]} Rg1+ {[%clk 0:49:02]}
58. Kf4 {[%clk 0:42:51]} Rh1 {[%clk 0:49:17]} 59. Rd5 {[%clk 0:41:43]} Rxd5
{[%clk 0:49:06]} 60. exd5 {[%clk 0:42:07]} Rxh3 {[%clk 0:49:26]} 61. Rg5 {[%clk
0:41:42]} Rh1 {[%clk 0:49:23]} 62. Ke5 {[%clk 0:41:36]} Kh6 {[%clk 0:49:20]}
63. Rg4 {[%clk 0:41:45]} Re1+ {[%clk 0:49:06]} 64. Re4 {[%clk 0:42:04]} Rf1
{[%clk 0:48:54]} 65. f4 {[%clk 0:42:26]} Kg7 {[%clk 0:49:14]} 66. Ke6 {[%clk
0:42:25]} Kf8 {[%clk 0:49:23]} 67. f5 {[%clk 0:42:26]} Rd1 {[%clk 0:49:30]} 68.
f6 {[%clk 0:42:32]} Rd2 {[%clk 0:49:51]} 69. d6 {[%clk 0:42:13]} Rd1 {[%clk
0:49:50]} 70. d7 {[%clk 0:42:21]} Rd2 {[%clk 0:50:12]} 71. Re5 {[%clk 0:42:22]}
Kg8 {[%clk 0:49:34]} 72. Ke7 {[%clk 0:42:41]} 1-0

[Event "Deutsche Ländermeisterschaft 2018"]
[Site "Würzburg GER"]
[Date "2018.10.05"]
[Round "5"]
[White "Oberhofer, Marie"]
[Black "Wagner, Margarethe"]
[Result "0-1"]
[Termination "normal"]
[Board "5.7"]
[WhiteElo "1724"]
[BlackElo "1643"]
[WhiteClock "00:02:04"]
[BlackClock "00:20:09"]
[WhiteTeam "Bayern 1"]
[BlackTeam "Thüringen"]
[PlyCount "85"]
[WhiteFideId "12938165"]
[BlackFideId "16236947"]
[EventCountry "GER"]
[EventRounds "7"]
[EventType "team-swiss"]
[EventDate "2018.10.02"]

1. e4 {[%clk 1:30:59]} c5 {[%clk 1:30:55]} 2. Nf3 {[%clk 1:31:24]} d6 {[%clk
1:31:19]} 3. d4 {[%clk 1:31:50]} cxd4 {[%clk 1:31:45]} 4. Nxd4 {[%clk 1:32:16]}
Nf6 {[%clk 1:31:54]} 5. Nc3 {[%clk 1:32:42]} a6 {[%clk 1:32:06]} 6. f4 {[%clk
1:33:01]} e5 {[%clk 1:32:05]} 7. Nf3 {[%clk 1:32:04]} Nbd7 {[%clk 1:30:11]} 8.
Be3 {[%clk 1:26:53]} Be7 {[%clk 1:28:06]} 9. f5 {[%clk 1:23:53]} b5 {[%clk
1:25:21]} 10. a3 {[%clk 1:24:04]} Bb7 {[%clk 1:25:14]} 11. Bd3 {[%clk 1:16:50]}
O-O {[%clk 1:21:44]} 12. h3 {[%clk 1:12:45]} d5 {[%clk 1:20:05]} 13. exd5
{[%clk 1:10:00]} Nxd5 {[%clk 1:19:07]} 14. Nxd5 {[%clk 1:01:29]} Bxd5 {[%clk
1:19:21]} 15. Be2 {[%clk 1:01:47]} Bh4+ {[%clk 1:09:56]} 16. Nxh4 {[%clk
0:50:15]} Qxh4+ {[%clk 1:10:09]} 17. Bf2 {[%clk 0:48:58]} Qe4 {[%clk 1:10:02]}
18. Rg1 {[%clk 0:36:50]} Nf6 19. Qd3 {[%clk 0:35:19]} Qxd3 {[%clk 0:52:40]} 20.
Bxd3 {[%clk 0:35:20]} e4 {[%clk 0:52:17]} 21. Be2 {[%clk 0:34:47]} Rac8 {[%clk
0:50:46]} 22. c3 {[%clk 0:34:52]} Rfd8 {[%clk 0:46:05]} 23. Bd4 {[%clk
0:33:20]} Nd7 {[%clk 0:44:13]} 24. g4 {[%clk 0:28:38]} Nc5 {[%clk 0:43:36]} 25.
Rd1 {[%clk 0:26:53]} Na4 {[%clk 0:41:09]} 26. Rb1 {[%clk 0:20:49]} Ba2 {[%clk
0:39:35]} 27. Ra1 {[%clk 0:21:08]} Bb3 {[%clk 0:39:54]} 28. Rb1 {[%clk
0:14:37]} Bc2 {[%clk 0:34:31]} 29. Rc1 {[%clk 0:14:34]} Bd3 {[%clk 0:34:12]}
30. Bxd3 {[%clk 0:13:26]} exd3 {[%clk 0:34:40]} 31. Kd2 {[%clk 0:11:28]} Nxb2
{[%clk 0:33:35]} 32. Rb1 {[%clk 0:11:39]} Nc4+ {[%clk 0:31:00]} 33. Kxd3 {[%clk
0:11:40]} Nxa3 {[%clk 0:30:44]} 34. Ra1 {[%clk 0:11:11]} b4 {[%clk 0:30:42]}
35. Ke4 {[%clk 0:09:27]} Nb5 {[%clk 0:28:55]} 36. Rxa6 {[%clk 0:06:40]} bxc3
{[%clk 0:28:25]} 37. Be3 {[%clk 0:05:12]} c2 {[%clk 0:22:02]} 38. Rc1 {[%clk
0:03:54]} Re8+ {[%clk 0:21:47]} 39. Kd3 {[%clk 0:02:57]} Rc3+ {[%clk 0:21:35]}
40. Kd2 {[%clk 0:02:47]} Rcxe3 {[%clk 0:21:49]} 41. Rxc2 {[%clk 0:02:37]} Re2+
{[%clk 0:20:32]} 42. Kd3 {[%clk 0:02:04]} R8e3+ {[%clk 0:20:09]} 43. Kd4 0-1

[Event "Deutsche Ländermeisterschaft 2018"]
[Site "Würzburg GER"]
[Date "2018.10.05"]
[Round "5"]
[White "Degenhard, Simon"]
[Black "Muckle, Julius"]
[Result "1-0"]
[Termination "normal"]
[Board "6.1"]
[WhiteTitle "FM"]
[BlackTitle "FM"]
[WhiteElo "2235"]
[BlackElo "2348"]
[WhiteClock "00:44:13"]
[BlackClock "00:17:38"]
[WhiteTeam "Württemberg 1"]
[BlackTeam "Rheinland-Pfalz"]
[PlyCount "129"]
[WhiteFideId "12944017"]
[BlackFideId "12942430"]
[EventCountry "GER"]
[EventRounds "7"]
[EventType "team-swiss"]
[EventDate "2018.10.02"]

1. d4 {[%clk 1:30:57]} d5 {[%clk 1:30:54]} 2. c4 {[%clk 1:31:21]} c6 {[%clk
1:31:21]} 3. cxd5 {[%clk 1:31:43]} cxd5 {[%clk 1:31:46]} 4. Nc3 {[%clk
1:32:06]} Nf6 {[%clk 1:32:11]} 5. Bf4 {[%clk 1:32:31]} Nc6 {[%clk 1:32:26]} 6.
e3 {[%clk 1:32:53]} a6 {[%clk 1:32:53]} 7. Bd3 {[%clk 1:33:16]} Bg4 {[%clk
1:32:55]} 8. Nge2 {[%clk 1:33:37]} e6 {[%clk 1:33:06]} 9. O-O {[%clk 1:33:49]}
Bd6 {[%clk 1:30:35]} 10. f3 {[%clk 1:32:37]} Bh5 {[%clk 1:30:00]} 11. Rc1
{[%clk 1:32:25]} O-O {[%clk 1:30:16]} 12. Na4 {[%clk 1:30:00]} e5 {[%clk
1:28:43]} 13. dxe5 {[%clk 1:29:33]} Nxe5 {[%clk 1:28:08]} 14. Bb1 {[%clk
1:29:14]} Re8 {[%clk 1:14:11]} 15. Nac3 {[%clk 1:21:27]} Bb8 {[%clk 1:06:44]}
16. Bg5 {[%clk 1:11:16]} Qd6 {[%clk 0:29:58]} 17. Nf4 {[%clk 0:44:32]} Nc4
{[%clk 0:12:23]} 18. Ncxd5 {[%clk 0:41:58]} Nxd5 {[%clk 0:12:26]} 19. Qxd5
{[%clk 0:41:23]} Nxe3 {[%clk 0:10:25]} 20. Qxd6 {[%clk 0:41:24]} Bxd6 {[%clk
0:10:53]} 21. Nxh5 {[%clk 0:41:06]} Nxf1 {[%clk 0:11:14]} 22. Kxf1 {[%clk
0:39:56]} Rac8 {[%clk 0:10:35]} 23. Ng3 {[%clk 0:37:05]} h6 {[%clk 0:07:23]}
24. Rxc8 {[%clk 0:36:41]} Rxc8 {[%clk 0:07:34]} 25. Be3 {[%clk 0:36:29]} Be5
{[%clk 0:05:50]} 26. b3 {[%clk 0:35:46]} Bd4 {[%clk 0:04:18]} 27. Bd2 {[%clk
0:33:26]} Bb2 {[%clk 0:03:38]} 28. Be4 {[%clk 0:33:06]} b5 {[%clk 0:03:15]} 29.
Ke2 {[%clk 0:33:10]} Bc1 {[%clk 0:03:03]} 30. Nf1 {[%clk 0:29:31]} Bxd2 {[%clk
0:02:49]} 31. Nxd2 {[%clk 0:29:39]} Rc1 {[%clk 0:02:29]} 32. Bb7 {[%clk
0:26:06]} a5 {[%clk 0:02:25]} 33. a4 {[%clk 0:25:46]} bxa4 {[%clk 0:02:13]} 34.
bxa4 {[%clk 0:26:00]} Rc2 {[%clk 0:00:34]} 35. Kd3 {[%clk 0:22:40]} Ra2 {[%clk
0:00:51]} 36. Bc6 {[%clk 0:23:03]} Kf8 {[%clk 0:01:14]} 37. f4 {[%clk 0:23:14]}
Ke7 {[%clk 0:00:33]} 38. Nc4 {[%clk 0:22:01]} Kd8 {[%clk 0:00:46]} 39. Kd4
{[%clk 0:19:08]} Kc7 {[%clk 0:00:37]} 40. Kc5 {[%clk 0:19:10]} Rf2 {[%clk
0:00:32]} 41. Bf3 {[%clk 0:19:05]} g5 {[%clk 0:23:34]} 42. fxg5 {[%clk
0:49:35]} hxg5 {[%clk 0:24:03]} 43. h3 {[%clk 0:46:11]} f5 {[%clk 0:22:27]} 44.
Nxa5 {[%clk 0:44:57]} Ra2 {[%clk 0:19:27]} 45. Kb4 {[%clk 0:43:52]} Kb6 {[%clk
0:18:22]} 46. Nc4+ {[%clk 0:44:12]} Ka6 {[%clk 0:18:34]} 47. Ne3 {[%clk
0:43:53]} f4 {[%clk 0:18:10]} 48. Nc4 {[%clk 0:44:17]} Rf2 {[%clk 0:17:55]} 49.
Nd6 {[%clk 0:44:29]} Rd2 {[%clk 0:17:41]} 50. Ne4 {[%clk 0:44:44]} Rd4+ {[%clk
0:17:53]} 51. Kb3 {[%clk 0:44:41]} Ka5 {[%clk 0:17:16]} 52. Nxg5 {[%clk
0:44:22]} Rxa4 {[%clk 0:17:41]} 53. h4 {[%clk 0:43:56]} Ra1 {[%clk 0:17:53]}
54. Kc4 {[%clk 0:44:10]} Kb6 {[%clk 0:18:13]} 55. Kd4 {[%clk 0:44:23]} Re1
{[%clk 0:18:05]} 56. h5 {[%clk 0:44:34]} Rh1 {[%clk 0:18:04]} 57. Ke5 {[%clk
0:44:50]} Kc7 {[%clk 0:18:21]} 58. Kxf4 {[%clk 0:45:02]} Kd8 {[%clk 0:18:33]}
59. Kf5 {[%clk 0:45:22]} Ke7 {[%clk 0:18:47]} 60. Kg6 {[%clk 0:45:43]} Kf8
{[%clk 0:19:04]} 61. h6 {[%clk 0:45:54]} Ra1 {[%clk 0:19:14]} 62. Be4 {[%clk
0:44:45]} Ra7 {[%clk 0:19:14]} 63. Bd5 {[%clk 0:44:16]} Ra4 {[%clk 0:17:23]}
64. h7 {[%clk 0:43:58]} Rh4 {[%clk 0:17:38]} 65. Bf3 {[%clk 0:44:13]} 1-0

[Event "Deutsche Ländermeisterschaft 2018"]
[Site "Würzburg GER"]
[Date "2018.10.05"]
[Round "5"]
[White "Kölle, Tobias"]
[Black "Yankelevich, Michael"]
[Result "1-0"]
[Termination "normal"]
[Board "6.3"]
[WhiteElo "2125"]
[BlackElo "1961"]
[WhiteClock "00:21:45"]
[BlackClock "00:52:59"]
[WhiteTeam "Württemberg 1"]
[BlackTeam "Rheinland-Pfalz"]
[PlyCount "127"]
[WhiteFideId "16207378"]
[BlackFideId "12921440"]
[EventCountry "GER"]
[EventRounds "7"]
[EventType "team-swiss"]
[EventDate "2018.10.02"]

1. d4 {[%clk 1:30:55]} d5 {[%clk 1:30:35]} 2. c4 {[%clk 1:31:17]} e6 {[%clk
1:31:01]} 3. Nc3 {[%clk 1:31:41]} c6 {[%clk 1:31:27]} 4. e3 {[%clk 1:30:50]}
Bd6 {[%clk 1:31:23]} 5. Nf3 {[%clk 1:31:12]} f5 {[%clk 1:31:40]} 6. Bd3 {[%clk
1:29:48]} Nh6 {[%clk 1:30:48]} 7. Qc2 {[%clk 1:28:39]} O-O {[%clk 1:29:52]} 8.
b3 {[%clk 1:28:46]} Nd7 {[%clk 1:29:47]} 9. Bb2 {[%clk 1:27:15]} b6 {[%clk
1:28:57]} 10. O-O {[%clk 1:22:34]} Bb7 {[%clk 1:28:39]} 11. a4 {[%clk 1:20:38]}
a5 {[%clk 1:27:33]} 12. Ba3 {[%clk 1:15:41]} Qe7 {[%clk 1:25:58]} 13. Bxd6
{[%clk 1:15:47]} Qxd6 {[%clk 1:26:19]} 14. Ne2 {[%clk 1:11:27]} Rac8 {[%clk
1:23:35]} 15. cxd5 {[%clk 1:07:27]} exd5 {[%clk 1:23:25]} 16. Ng3 {[%clk
1:04:54]} Qf6 {[%clk 1:22:24]} 17. Qb2 {[%clk 1:00:21]} c5 {[%clk 1:18:05]} 18.
Bb5 {[%clk 0:58:38]} Bc6 {[%clk 1:17:26]} 19. Bxc6 {[%clk 0:58:20]} Rxc6 {[%clk
1:17:43]} 20. Ne5 {[%clk 0:56:38]} Nxe5 {[%clk 1:15:27]} 21. dxe5 {[%clk
0:55:03]} Qh4 {[%clk 1:13:53]} 22. Ne2 {[%clk 0:42:59]} Re8 {[%clk 1:10:37]}
23. h3 {[%clk 0:32:21]} Qe4 {[%clk 1:09:34]} 24. Rad1 {[%clk 0:29:31]} Qxe5
{[%clk 1:03:47]} 25. Qxe5 {[%clk 0:29:38]} Rxe5 {[%clk 1:04:15]} 26. Rd2 {[%clk
0:29:32]} c4 {[%clk 1:03:46]} 27. Rb1 {[%clk 0:23:17]} cxb3 {[%clk 1:01:25]}
28. Rxb3 {[%clk 0:23:31]} Re4 {[%clk 0:57:29]} 29. Nd4 {[%clk 0:21:41]} Rc4
{[%clk 0:57:05]} 30. Rxb6 {[%clk 0:21:50]} f4 {[%clk 0:57:05]} 31. Nb5 {[%clk
0:21:05]} Rc1+ {[%clk 0:56:29]} 32. Kh2 {[%clk 0:21:22]} fxe3 {[%clk 0:55:33]}
33. fxe3 {[%clk 0:21:02]} Rxa4 {[%clk 0:54:54]} 34. Rxd5 {[%clk 0:20:47]} Rf1
{[%clk 0:52:45]} 35. Rd7 {[%clk 0:20:02]} Rf8 {[%clk 0:46:51]} 36. Rbb7 {[%clk
0:20:19]} Nf5 {[%clk 0:46:51]} 37. Nd4 {[%clk 0:19:04]} Rb4 {[%clk 0:44:32]}
38. Ra7 {[%clk 0:18:24]} a4 {[%clk 0:44:26]} 39. Nxf5 {[%clk 0:18:41]} Rxf5
{[%clk 0:44:52]} 40. Rxg7+ {[%clk 0:19:00]} Kf8 {[%clk 0:45:19]} 41. Rxh7
{[%clk 0:19:18]} Kg8 {[%clk 0:45:48]} 42. Rhd7 {[%clk 0:19:03]} Re4 {[%clk
0:46:07]} 43. Rd8+ {[%clk 0:19:18]} Rf8 {[%clk 0:46:37]} 44. Rd4 {[%clk
0:19:38]} Rxe3 {[%clk 0:46:39]} 45. Rg4+ {[%clk 0:20:00]} Kh8 {[%clk 0:47:04]}
46. Raxa4 {[%clk 0:20:14]} Re7 {[%clk 0:47:22]} 47. Rh4+ {[%clk 0:20:38]} Rh7
{[%clk 0:47:51]} 48. Rxh7+ {[%clk 0:20:59]} Kxh7 49. Ra6 {[%clk 0:21:00]} Rb8
{[%clk 0:48:30]} 50. h4 {[%clk 0:21:08]} Kg7 {[%clk 0:48:57]} 51. Kh3 {[%clk
0:21:25]} Kh7 {[%clk 0:49:27]} 52. g3 {[%clk 0:21:43]} Kg7 {[%clk 0:49:50]} 53.
h5 {[%clk 0:21:58]} Kh7 {[%clk 0:50:20]} 54. Kh4 {[%clk 0:22:18]} Kg7 {[%clk
0:50:49]} 55. g4 {[%clk 0:22:36]} Kh7 {[%clk 0:51:19]} 56. Ra7+ {[%clk
0:22:55]} Kh8 {[%clk 0:51:22]} 57. h6 {[%clk 0:23:11]} Rc8 {[%clk 0:51:39]} 58.
Kh5 {[%clk 0:23:28]} Rb8 {[%clk 0:52:02]} 59. g5 {[%clk 0:23:38]} Rc8 {[%clk
0:52:21]} 60. Ra5 {[%clk 0:22:56]} Rb8 {[%clk 0:52:10]} 61. g6 {[%clk 0:21:14]}
Rc8 {[%clk 0:52:29]} 62. Rd5 {[%clk 0:21:12]} Rf8 {[%clk 0:52:29]} 63. g7+
{[%clk 0:21:33]} Kh7 {[%clk 0:52:59]} 64. gxf8=N+ {[%clk 0:21:45]} 1-0

[Event "Deutsche Ländermeisterschaft 2018"]
[Site "Würzburg GER"]
[Date "2018.10.05"]
[Round "5"]
[White "Liu, Sijia Anna"]
[Black "Metzdorf, Matteo"]
[Result "0-1"]
[Termination "normal"]
[Board "6.7"]
[WhiteElo "1730"]
[BlackElo "1806"]
[WhiteClock "00:38:39"]
[BlackClock "00:44:32"]
[WhiteTeam "Württemberg 1"]
[BlackTeam "Rheinland-Pfalz"]
[PlyCount "90"]
[WhiteFideId "12989746"]
[BlackFideId "16209869"]
[EventCountry "GER"]
[EventRounds "7"]
[EventType "team-swiss"]
[EventDate "2018.10.02"]

1. e4 {[%clk 1:30:59]} e6 {[%clk 1:30:54]} 2. d4 {[%clk 1:31:23]} d5 {[%clk
1:31:19]} 3. Nc3 {[%clk 1:31:43]} Nf6 {[%clk 1:31:42]} 4. Bg5 {[%clk 1:32:01]}
dxe4 {[%clk 1:32:02]} 5. Nxe4 {[%clk 1:32:15]} Be7 {[%clk 1:32:22]} 6. Bxf6
{[%clk 1:32:29]} gxf6 {[%clk 1:32:45]} 7. Nf3 {[%clk 1:32:39]} f5 {[%clk
1:33:04]} 8. Nc3 {[%clk 1:32:45]} a6 {[%clk 1:33:11]} 9. Be2 {[%clk 1:29:25]}
b5 {[%clk 1:32:56]} 10. O-O {[%clk 1:26:50]} Bb7 {[%clk 1:30:12]} 11. Re1
{[%clk 1:25:15]} Qd6 {[%clk 1:27:41]} 12. Ne5 {[%clk 1:22:25]} Nc6 {[%clk
1:24:07]} 13. Bf3 {[%clk 1:17:33]} Rg8 {[%clk 1:17:32]} 14. a3 {[%clk 1:02:39]}
Bf6 {[%clk 1:05:42]} 15. Nxc6 {[%clk 1:01:09]} Bxc6 {[%clk 1:05:24]} 16. Bxc6+
{[%clk 1:01:18]} Qxc6 {[%clk 1:05:25]} 17. d5 {[%clk 1:01:29]} Qb7 {[%clk
0:57:44]} 18. Qd3 {[%clk 0:56:48]} O-O-O {[%clk 0:55:28]} 19. Rad1 {[%clk
0:51:50]} Bxc3 {[%clk 0:51:51]} 20. Qxc3 {[%clk 0:51:22]} Rxd5 {[%clk 0:51:34]}
21. f3 {[%clk 0:47:54]} Qb6+ {[%clk 0:48:45]} 22. Kh1 {[%clk 0:46:51]} Qf2
{[%clk 0:47:17]} 23. g3 {[%clk 0:46:14]} Rc5 {[%clk 0:45:53]} 24. Qe3 {[%clk
0:42:37]} Rxc2 {[%clk 0:45:11]} 25. Qxf2 {[%clk 0:42:40]} Rxf2 {[%clk 0:45:35]}
26. Rc1 {[%clk 0:42:08]} Rxb2 {[%clk 0:44:46]} 27. Rc6 {[%clk 0:42:05]} Kb7
{[%clk 0:44:08]} 28. Rc3 {[%clk 0:41:56]} Rd8 {[%clk 0:43:55]} 29. Rec1 {[%clk
0:42:02]} Rd7 {[%clk 0:43:52]} 30. Kg1 {[%clk 0:41:01]} Rbd2 {[%clk 0:43:45]}
31. h4 {[%clk 0:39:57]} Rd1+ {[%clk 0:44:04]} 32. Rxd1 {[%clk 0:40:01]} Rxd1+
{[%clk 0:44:27]} 33. Kf2 {[%clk 0:40:26]} Kb6 {[%clk 0:44:19]} 34. Ke2 {[%clk
0:40:39]} Rd5 {[%clk 0:44:36]} 35. Ke3 {[%clk 0:40:02]} c5 {[%clk 0:44:53]} 36.
Kf4 {[%clk 0:40:05]} c4 {[%clk 0:45:03]} 37. Ke3 {[%clk 0:39:33]} Kc5 {[%clk
0:45:01]} 38. Kf4 {[%clk 0:37:49]} Rd3 {[%clk 0:44:54]} 39. Rc2 {[%clk
0:37:44]} Rxa3 {[%clk 0:45:01]} 40. g4 {[%clk 0:37:42]} fxg4 {[%clk 0:44:44]}
41. fxg4 {[%clk 0:37:57]} b4 {[%clk 0:44:50]} 42. Kg5 {[%clk 0:38:15]} Rc3
{[%clk 0:43:58]} 43. Rb2 {[%clk 0:38:18]} b3 {[%clk 0:44:02]} 44. Kh6 {[%clk
0:38:33]} Rc2 {[%clk 0:44:17]} 45. Kxh7 {[%clk 0:38:39]} Rxb2 {[%clk 0:44:32]}
0-1